000 00536nam a2200193Ia 4500
999 _c32406
_d32406
003 OSt
005 20200729121100.0
008 190216s9999||||xx |||||||||||||| ||und||
020 _a9781584885535
040 _coclc
082 _a515.9
_bJEF/C
100 _aJeffrey, Alan
_93846
245 0 _aComplex Analysis And Applications /
_cAlan Jeffrey
250 _a2nd Ed.
260 _bCrc Press,
_c2013.
_aLondon:
300 _a580p
650 _aComplex Analysis
942 _cBK
_2ddc
_h515.9
_iJEF/C
_k515.9
_mJEF/C